000 00230nam a2200097Ia 4500
008 240331s9999 xx 000 0 und d
082 _bVAA
100 _aTamil University. ed
245 0 _aVaalviyat Kalanchiyam :
_bPart 1
942 _cL
999 _c3272
_d3272